Introduction to engineering mechanics (Record no. 17563)

000 -LEADER
fixed length control field 00597nam a22002051 4500
001 - CONTROL NUMBER
control field 17563
003 - CONTROL NUMBER IDENTIFIER
control field BD-DhUET
008 - FIXED-LENGTH DATA ELEMENTS--GENERAL INFORMATION
fixed length control field 100604s1961 maua b 000 0 eng
040 ## - CATALOGING SOURCE
Original cataloging agency DLC
Transcribing agency DLC
Modifying agency BD-DhUET
082 ## - DEWEY DECIMAL CLASSIFICATION NUMBER
Classification number 620.1
Item number HUD/1961
100 ## - MAIN ENTRY--PERSONAL NAME
Personal name Huddleston, John V.
245 10 - TITLE STATEMENT
Title Introduction to engineering mechanics
250 ## - EDITION STATEMENT
Edition statement 1st ed.
260 ## - PUBLICATION, DISTRIBUTION, ETC. (IMPRINT)
Place of publication, distribution, etc. Massachusetts
Name of publisher, distributor, etc. Addison-Wesley Publishing
Date of publication, distribution, etc. 1961
300 ## - PHYSICAL DESCRIPTION
Extent xii, 493 p.
Other physical details ill.
Dimensions 24 cm.
490 0# - SERIES STATEMENT
Series statement Addison-Wesley series in the engineering sciences
504 ## - BIBLIOGRAPHY, ETC. NOTE
Bibliography, etc Includes bibliographies
650 #0 - SUBJECT ADDED ENTRY--TOPICAL TERM
Topical term or geographic name as entry element Engineering mechanics
942 ## - ADDED ENTRY ELEMENTS (KOHA)
Koha item type General Book
Holdings
Koha item type Shelving location Not for loan Sublocation or collection (holding branch) Koha date last seen Price effective from Location (home branch) Lost status Date acquired Copy number Source of classification or shelving scheme Koha full call number Koha normalized classification for sorting Damaged status Withdrawn status Piece designation (barcode)
General BookCirculation section Central Library, BUET2015-03-242015-03-24Central Library, BUET 2015-03-241 620.1/HUD/1961620_100000000000000_HUD_1961  10262
General BookCirculation section Central Library, BUET2015-03-242015-03-24Central Library, BUET 2015-03-242 620.1/HUD/1961620_100000000000000_HUD_1961  38774
General BookCirculation section Central Library, BUET2015-03-242015-03-24Central Library, BUET 2015-03-243 620.1/HUD/1961620_100000000000000_HUD_1961  10263
General BookCirculation section Central Library, BUET2015-03-242015-03-24Central Library, BUET 2015-03-244 620.1/HUD/1961620_100000000000000_HUD_1961  28806
General BookCirculation section Central Library, BUET2015-03-242015-03-24Central Library, BUET 2015-03-245 620.1/HUD/1961620_100000000000000_HUD_1961  9235
General BookCataloging to Circulation Central Library, BUET2015-03-242015-03-24Central Library, BUET 2015-03-246 620.1/HUD/1961620_100000000000000_HUD_1961  9261
General BookCirculation section Central Library, BUET2015-03-242015-03-24Central Library, BUET 2015-03-248 620.1/HUD/1961620_100000000000000_HUD_1961  37760
General BookCirculation section Central Library, BUET2015-03-282015-03-28Central Library, BUET 2015-03-287 620.1/HUD/1961620_100000000000000_HUD_1961  84383